Собака, которая выла (Запись № 7093730)

Подробности
000 -МАРКЕР
контрольное поле 02434nam0a22003491 4500
001 - ИДЕНТИФИКАТОР ЗАПИСИ
контрольное поле rc\123559
005 - ИДЕНТИФИКАТОР ВЕРСИИ
контрольное поле 20250620191511.0
035 ## - ДРУГИЕ СИСТЕМНЫЕ НОМЕРА
Идентификатор записи (NLR Aleph) 005380317
100 ## - ДАННЫЕ ОБЩЕЙ ОБРАБОТКИ
Данные общей обработки 20021216d1992 |||y0rusy50 ca
101 0# - ЯЗЫК РЕСУРСА
Язык текста, звукозаписи и т.д. русский
102 ## - СТРАНА ПУБЛИКАЦИИ ИЛИ ПРОИЗВОДСТВА
Страна публикации Российская Федерация
105 ## - ПОЛЕ КОДИРОВАННЫХ ДАННЫХ: ТЕКСТОВЫЕ МАТЕРИАЛЫ, МОНОГРАФИЧЕСКИЕ
Кодированные данные о монографическом текстовом документе y |||||||||
200 1# - ЗАГЛАВИЕ И СВЕДЕНИЯ ОБ ОТВЕТСТВЕННОСТИ
Основное заглавие Собака, которая выла
Сведения, относящиеся к заглавию [Сборник
-- Пер. с англ.
Первые сведения об ответственности Сост. М.С. Шершнев
Последующие сведения об ответственности Авт. предисл. К.В. Солнцев]
210 ## - ПУБЛИКАЦИЯ, РАСПРОСТРАНЕНИЕ И ДР.
Место издания, распространения и т.д. М.
Имя издателя, распространителя и т. д. Скифы
Дата издания, распространения и т.д. 1992
215 ## - ФИЗИЧЕСКАЯ ХАРАКТЕРИСТИКА
Специфическое обозначение материала и объем 440 с.
Размеры 21
225 1# - СЕРИЯ
Основное заглавие серии Детектив США
327 1# - ПРИМЕЧАНИЯ О СОДЕРЖАНИИ
Текст примечания Содерж.: Убийства на улице Морг; Тайна Мари Роже; Похищенное письмо; Золотой жук; "Ты еси муж, сотворивый сие!" / Эдгар А. По. Собака, которая выла / Эрл Стенли Гарднер. Окно во двор / Уильям Айриш. Одна пуля для одного / Рекс Стаут
464 #0 - АНАЛИТИЧЕСКИЙ УРОВЕНЬ
Встроенное поле 2001#$aУбийства на улице Морг
-- 700#1$aПо$bЭ.А.$gЭдгар А.
Заглавие Убийства на улице Морг
Автор По, Эдгар А.
464 #0 - АНАЛИТИЧЕСКИЙ УРОВЕНЬ
Встроенное поле 2001#$aТайна Мари Роже
-- 700#1$aПо$bЭ.А.$gЭдгар А.
Заглавие Тайна Мари Роже
Автор По, Эдгар А.
464 #0 - АНАЛИТИЧЕСКИЙ УРОВЕНЬ
Встроенное поле 2001#$aПохищенное письмо
-- 700#1$aПо$bЭ.А.$gЭдгар А.
Заглавие Похищенное письмо
Автор По, Эдгар А.
464 #0 - АНАЛИТИЧЕСКИЙ УРОВЕНЬ
Встроенное поле 2001#$aЗолотой жук
-- 700#1$aПо$bЭ.А.$gЭдгар А.
Заглавие Золотой жук
Автор По, Эдгар А.
464 #0 - АНАЛИТИЧЕСКИЙ УРОВЕНЬ
Встроенное поле 2001#$aˆ"‰Ты еси муж, сотворивый сие!"
-- 700#1$aПо$bЭ.А.$gЭдгар А.
Заглавие ˆ"‰Ты еси муж, сотворивый сие!"
Автор По, Эдгар А.
464 #0 - АНАЛИТИЧЕСКИЙ УРОВЕНЬ
Встроенное поле 2001#$aСобака, которая выла
-- 700#1$aГарднер$bЭ. С.$f1889-1970$3RU\NLR\AUTH\77690$gЭрл Стенли
Заглавие Собака, которая выла
Автор Гарднер, Эрл Стенли (1889-1970)
464 #0 - АНАЛИТИЧЕСКИЙ УРОВЕНЬ
Встроенное поле 2001#$aОкно во двор
-- 700#1$aАйриш$bУ.$gУильям
Заглавие Окно во двор
Автор Айриш, Уильям
464 #0 - АНАЛИТИЧЕСКИЙ УРОВЕНЬ
Встроенное поле 2001#$aОдна пуля для одного
-- 700#1$aСтаут$bР.$gРекс
Заглавие Одна пуля для одного
Автор Стаут, Рекс
801 #0 - ИСТОЧНИК ЗАПИСИ
Страна Российская Федерация
Организация NLR
Правила каталогизации psbo
801 #1 - ИСТОЧНИК ЗАПИСИ
Страна Российская Федерация
Организация ELAR
Источник данных rusmarc
852 ## - МЕСТОНАХОЖДЕНИЕ И ШИФР ХРАНЕНИЯ
Идентификатор организации NLR
Шифр хранения (Call Number) 92-3/5002
942 ## - ДОПОЛНИТЕЛЬНЫЕ ЭЛЕМЕНТЫ ЗАПИСИ (АБИС)
Тип экземпляра АБИС Книга
980 ## - КОЛЛЕКЦИЯ
Название коллекции Национальная библиография
Экземпляры
Тип экземпляра Дата поступления Библиотека постоянного хранения Библиотека текущего хранения Место хранения Шифр хранения Штрих-код Статус экземпляра
Книга 26.10.2013 РНБ (Московский) РНБ (Московский) Русский книжный фонд: издания с 1957 года 92-3/5002 1-3579707  
Книга 06.05.2015 РНБ (Московский) РНБ (Московский) Русский книжный фонд: издания с 1957 года 92-3/5002 1-960954